Loading...

O Jerusalem!

Bibliographic Details
Main Author: Collins, Larry
Other Authors: Lapierre, Dominique
Format: Printed Book
Published: London, Weidenfeld and Nicolson, 1972.
Subjects:
LEADER 00642cam a2200157 4500
082 0 0 |a 956.042  |b COL-O 
100 1 |a Collins, Larry. 
245 1 0 |a O Jerusalem! 
260 |a London,  |b Weidenfeld and Nicolson,  |c 1972. 
300 |a 637 p.  |b illus., col. maps (on lining papers), ports. 
650 0 |a Israel-Arab War, 1948-1949 
700 1 |a Lapierre, Dominique, 
942 |c BK 
999 |c 53034  |d 53034 
952 |0 0  |1 0  |4 0  |6 956_042000000000000_COLO  |7 0  |9 67100  |a KU  |b KU  |d 2018-12-28  |l 0  |o 956.042 COL-O  |p EN10649  |r 2018-12-28  |w 2018-12-28  |y BK 
952 |0 0  |1 0  |4 0  |6 956_042000000000000_COLO  |7 0  |9 67101  |a KU  |b KU  |d 2018-12-28  |l 0  |o 956.042 COL-O  |p EN10795  |r 2018-12-28  |w 2018-12-28  |y BK